The Beatles Discography - Statistics

General Stats
  • This quiz has been taken 172 times
    105 since last reset
  • The average score is 92 of 215
Answer Stats
Year Album Song % Correct
1963 Please Please Me Please Please Me
93%
1965 Help! Help!
91%
1970 Let It Be Let It Be
91%
1967 Sgt. Pepper's Lonely Hearts Club Band Sgt. Pepper's Lonely Hearts Club Band
91%
1966 Revolver Yellow Submarine
91%
1967 Magical Mystery Tour Strawberry Fields Forever
87%
1966 Revolver Eleanor Rigby
83%
1967 Sgt. Pepper's Lonely Hearts Club Band A Day in the Life
80%
1967 Sgt. Pepper's Lonely Hearts Club Band Lucy in the Sky with Diamonds
80%
1969 Abbey Road Octopus's Garden
80%
1963 Please Please Me Twist and Shout
80%
1964 A Hard Day's Night A Hard Day's Night
78%
1969 Abbey Road Come Together
78%
1969 Abbey Road Maxwell's Silver Hammer
78%
1967 Sgt. Pepper's Lonely Hearts Club Band With a Little Help from My Friends
78%
1969 Abbey Road Something
76%
1967 Magical Mystery Tour I Am the Walrus
74%
1966 Revolver Taxman
74%
1965 Help! Yesterday
74%
1968 The Beatles Back in the U.S.S.R.
72%
1965 Rubber Soul Norwegian Wood (This Bird Has Flown)
72%
1967 Magical Mystery Tour Penny Lane
72%
1969 Abbey Road Her Majesty
70%
1967 Magical Mystery Tour Magical Mystery Tour
70%
1988 Past Masters Revolution
70%
1969 Abbey Road The End
70%
1968 The Beatles Blackbird
67%
1970 Let It Be Get Back
67%
1988 Past Masters Hey Jude
67%
1968 The Beatles While My Guitar Gently Weeps
67%
1965 Rubber Soul Drive My Car
65%
1969 Abbey Road Golden Slumbers
65%
1969 Abbey Road Here Comes the Sun
65%
1965 Rubber Soul In My Life
65%
1969 Abbey Road Mean Mr. Mustard
65%
1963 Please Please Me Anna (Go to Him)
63%
1969 Abbey Road Carry That Weight
63%
1963 Please Please Me I Saw Her Standing There
63%
1968 The Beatles Revolution 9
63%
1969 Abbey Road Sun King
63%
1967 Sgt. Pepper's Lonely Hearts Club Band When I'm Sixty-Four
63%
1967 Magical Mystery Tour All You Need Is Love
61%
1967 Magical Mystery Tour Hello, Goodbye
61%
1988 Past Masters I Want to Hold Your Hand
61%
1969 Abbey Road I Want You (She's So Heavy)
61%
1966 Revolver Tomorrow Never Knows
61%
1970 Let It Be Across the Universe
59%
1966 Revolver Here, There and Everywhere
59%
1963 Please Please Me Love Me Do
59%
1968 The Beatles Ob-La-Di, Ob-La-Da
59%
1970 Let It Be The Long and Winding Road
59%
1963 With the Beatles All My Loving
57%
1968 The Beatles Glass Onion
57%
1966 Revolver I'm Only Sleeping
57%
1967 Sgt. Pepper's Lonely Hearts Club Band Lovely Rita
57%
1963 With the Beatles Money (That's What I Want)
57%
1969 Abbey Road Oh! Darling
57%
1969 Abbey Road Polythene Pam
57%
1967 Sgt. Pepper's Lonely Hearts Club Band She's Leaving Home
57%
1969 Abbey Road Because
54%
1968 The Beatles Julia
54%
1965 Rubber Soul Nowhere Man
54%
1968 The Beatles Revolution 1
54%
1969 Abbey Road She Came in Through the Bathroom Window
54%
1967 Sgt. Pepper's Lonely Hearts Club Band Within You Without You
54%
1966 Revolver And Your Bird Can Sing
52%
1967 Sgt. Pepper's Lonely Hearts Club Band Being for the Benefit of Mr. Kite!
52%
1966 Revolver Doctor Robert
52%
1966 Revolver Got To Get You Into My Life
52%
1969 Yellow Submarine Hey Bulldog
52%
1965 Rubber Soul Michelle
52%
1965 Help! Ticket to Ride
52%
1964 A Hard Day's Night And I Love Her
50%
1968 The Beatles Dear Prudence
50%
1964 Beatles for Sale Eight Days a Week
50%
1967 Sgt. Pepper's Lonely Hearts Club Band Fixing a Hole
50%
1966 Revolver For No One
50%
1965 Rubber Soul Girl
50%
1968 The Beatles Helter Skelter
50%
1967 Magical Mystery Tour The Fool on the Hill
50%
1969 Abbey Road You Never Give Me Your Money
50%
1967 Magical Mystery Tour Your Mother Should Know
50%
1967 Magical Mystery Tour Blue Jay Way
48%
1963 Please Please Me Chains
48%
1967 Sgt. Pepper's Lonely Hearts Club Band Getting Better
48%
1970 Let It Be One After 909
48%
1965 Rubber Soul Run for Your Life
48%
1988 Past Masters The Ballad of John and Yoko
48%
1964 A Hard Day's Night Can't Buy Me Love
46%
1970 Let It Be Dig a Pony
46%
1967 Sgt. Pepper's Lonely Hearts Club Band Good Morning Good Morning
46%
1968 The Beatles Good Night
46%
1968 The Beatles Happiness is a Warm Gun
46%
1963 Please Please Me Misery
46%
2023 Single Now and Then
46%
1988 Past Masters Paperback Writer
46%
1968 The Beatles Rocky Raccoon
46%
1967 Magical Mystery Tour Flying
43%
1966 Revolver Good Day Sunshine
43%
1964 A Hard Day's Night If I Fell
43%
1970 Let It Be Maggie Mae
43%
1968 The Beatles Piggies
43%
1967 Magical Mystery Tour Baby, You're a Rich Man
41%
1968 The Beatles Birthday
41%
1988 Past Masters Don't Let Me Down
41%
1968 The Beatles Everybody's Got Something to Hide Except Me and My Monkey
41%
1968 The Beatles Honey Pie
41%
1964 Beatles for Sale Kansas City / Hey, Hey, Hey, Hey
41%
1966 Revolver She Said She Said
41%
1970 Let It Be Two of Us
41%
1963 Please Please Me Boys
39%
1965 Help! Dizzy Miss Lizzy
39%
1963 Please Please Me Do You Want to Know a Secret
39%
1995 Anthology 1 Free as a Bird
39%
1970 Let It Be I Me Mine
39%
1968 The Beatles I Will
39%
1988 Past Masters Lady Madonna
39%
1966 Revolver Love You To
39%
1963 With the Beatles Please Mr. Postman
39%
1963 With the Beatles Roll Over Beethoven
39%
1988 Past Masters She Loves You
39%
1965 Help! You've Got to Hide Your Love Away
39%
1965 Help! Act Naturally
37%
1963 Please Please Me A Taste of Honey
37%
1968 The Beatles Sexy Sadie
37%
1968 The Beatles The Continuing Story of Bungalow Bill
37%
1968 The Beatles Why Don't We Do It in the Road?
37%
1968 The Beatles Wild Honey Pie
37%
1970 Let It Be Dig It
35%
1988 Past Masters From Me to You
35%
1963 With the Beatles It Won't Be Long
35%
1968 The Beatles Savoy Truffle
35%
1963 With the Beatles Till There Was You
35%
1965 Rubber Soul Wait
35%
1969 Yellow Submarine All Together Now
33%
1988 Past Masters Day Tripper
33%
1968 The Beatles Don't Pass Me By
33%
1970 Let It Be For You Blue
33%
1964 Beatles for Sale I'm a Loser
33%
1968 The Beatles I'm So Tired
33%
1964 Beatles for Sale Mr. Moonlight
33%
1988 Past Masters Old Brown Shoe
33%
1969 Yellow Submarine Only a Northern Song
33%
1988 Past Masters Rain
33%
1996 Anthology 2 Real Love
33%
1988 Past Masters We Can Work It Out
33%
1966 Revolver I Want to Tell You
30%
1988 Past Masters Long Tall Sally
30%
1968 The Beatles Martha My Dear
30%
1968 The Beatles Mother Nature's Son
30%
1965 Rubber Soul The Word
30%
1965 Rubber Soul Think for Yourself
30%
1965 Rubber Soul What Goes On
30%
1968 The Beatles Yer Blues
30%
1965 Rubber Soul If I Needed Someone
28%
1964 Beatles for Sale I'll Follow the Sun
28%
1964 A Hard Day's Night I Should Have Known Better
28%
1965 Help! I've Just Seen a Face
28%
1963 Please Please Me P.S. I Love You
28%
1964 A Hard Day's Night Tell Me Why
28%
1964 Beatles for Sale Baby's in Black
26%
1968 The Beatles Cry Baby Cry
26%
1988 Past Masters I'm Down
26%
1964 A Hard Day's Night I'm Happy Just to Dance with You
26%
1969 Yellow Submarine It's All Too Much
26%
1968 The Beatles Long, Long, Long
26%
1965 Help! You're Going to Lose That Girl
26%
1963 Please Please Me Ask Me Why
24%
1963 With the Beatles Don't Bother Me
24%
1964 A Hard Day's Night I'll Be Back
24%
1970 Let It Be I've Got a Feeling
24%
1964 Beatles for Sale No Reply
24%
1965 Rubber Soul You Won't See Me
24%
1963 Please Please Me Baby It's You
22%
1964 Beatles for Sale Honey Don't
22%
1988 Past Masters I Feel Fine
22%
1965 Rubber Soul I'm Looking Through You
22%
1963 With the Beatles I Wanna Be Your Man
22%
1988 Past Masters Matchbox
22%
1963 Please Please Me There's a Place
22%
1988 Past Masters This Boy
22%
1988 Past Masters Yes it Is
22%
1964 A Hard Day's Night You Can't Do That
22%
1988 Past Masters You Know my Name (Look Up the Number)
22%
1963 With the Beatles Devil in Her Heart
20%
1965 Help! I Need You
20%
1964 Beatles for Sale Rock and Roll Music
20%
1965 Help! The Night Before
20%
1963 With the Beatles You Really Got a Hold on Me
20%
1963 With the Beatles All I've Got to Do
17%
1964 A Hard Day's Night Any Time at All
17%
1964 A Hard Day's Night I'll Cry Instead
17%
1988 Past Masters The Inner Light
17%
1964 A Hard Day's Night Things We Said Today
17%
1964 Beatles for Sale Everybody's Trying to Be My Baby
15%
1965 Help! It's Only Love
15%
1965 Help! Tell Me What You See
15%
1965 Help! You Like Me Too Much
15%
1965 Help! Another Girl
13%
1988 Past Masters Bad Boy
13%
1963 With the Beatles Hold Me Tight
13%
1964 Beatles for Sale I Don't Want to Spoil the Party
13%
1988 Past Masters I'll Get You
13%
1988 Past Masters She's a Woman
13%
1988 Past Masters Thank You Girl
13%
1964 Beatles for Sale Words of Love
13%
1988 Past Masters I Call Your Name
11%
1963 With the Beatles Little Child
11%
1963 With the Beatles Not a Second Time
11%
1964 Beatles for Sale What You're Doing
11%
1964 A Hard Day's Night When I Get Home
11%
1964 Beatles for Sale Every Little Thing
9%
1988 Past Masters Komm, gib mir deine Hand
9%
1988 Past Masters Sie liebt dich
9%
1988 Past Masters Slow Down
9%
No matching quizzes found
Score Distribution
Percent of People with Each Score
Percentile by Number Answered
Your Score History
You have not taken this quiz since the last reset